Statistics for Countries with the most value in Scrabble

Click here to take the quiz!

General Stats

  • This quiz has been taken 905 times
    (436 since last reset)
  • The average score is 9 of 22

Answer Stats

Hint Answer % Correct
30Kazakhstan
71%
26Zimbabwe
70%
25Uzbekistan
63%
50Democratic Republic of the Congo
63%
30Kyrgyzstan
60%
33Republic of the Congo
54%
34Mozambique
48%
39Federated States of Micronesia
44%
35Central African Republic
41%
28Azerbaijan
40%
26Saint Kitts and Nevis
39%
39Saint Vincent and the Grenadines
39%
23United Arab Emirates
38%
23New Zealand
38%
23Trinidad and Tobago
32%
24Switzerland
31%
24Antigua and Barbuda
30%
39Bosnia and Herzegovina
28%
35Czech Republic
28%
27Sao Tome and Principe
27%
28Dominican Republic
27%
26Equatorial-Guinea
25%

Score Distribution

Percentile by Number Answered

Percent of People with Each Score

Your Score History

You have not taken this quiz since the last reset